Les 10 joueurs les plus décisifs en 2022/23. - Statistiques

Statistiques générales
  • Ce quiz a été pris 235 fois
  • Le résultat moyen est 7 sur 10
Statistiques - réponses
G+A Joueurs Championnats G+A
à la
coupe du monde
% Correct
67 Kylian Mbappe Ligue 1 10
100%
63 Lionel Messi Ligue 1 10
96%
66 Erling Haaland Premier League Pas disputé
94%
49 Harry Kane Premier League 5
75%
47 Vinicius Junior Liga 3
73%
42 Kevin De Bruyne Premier League 0
72%
54 Mohamed Salah Premier League Pas disputé
72%
47 Robert Lewandowski Liga 3
71%
43 Marcus Rashford Premier League 3
46%
41 Bruno Fernandes Premier League 5
24%
Aucun quiz correspondant
Distribution des résultats
% des personnes avec chaque résultat
Percentile par nombre de réponses
Votre historique - résultats
Vous n’avez pas pris ce quiz